000 00494nam a2200205Ia 4500
005 20250425161747.0
008 250425s9999 xx 000 0 und d
041 _aspa
082 _a930.1
100 _aVELIZ LITARDO, JAIME
245 0 _aSUMPA: PROYECCION COSMICA DEL CHOLO
250 _a1A ED.
260 _aEcuador
_bEDITORIAL DEL PACIFICO
_c1986
260 _aGUAYAQUIL
300 _a116
650 _aARQUEOLOGIA-ECUADOR
650 _aCULTURA
942 _c01
010 _a28044
999 _c215572
_d215572